000 00579nam a22001937a 4500
005 20251108164033.0
008 250721s1993 xx 000 0 ara d
082 1 4 _a150.19/زيع
100 1 _aزيعور، علي
245 1 0 _aمذاهب و علم النفس :
_bالفلسفات النفساينة /
264 1 _aبيروت :
_bمؤسسة عزالدين،
_c1993.
300 _a451ص
650 1 7 _aعلم النفس
650 1 7 _aالمدارس الفلسفية
650 1 7 _aالمذهب العقلي
650 1 7 _aالفلسفة
942 _2ddc
_cBK
999 _c2016
_d2016